Movie Box Sets - Statistics

General Stats
  • This quiz has been taken 41 times
  • The average score is 21 of 27
Answer Stats
Hint Answer % Correct
Al Pacino - Part II / Part III The Godfather
100%
Daniel Radcliffe - the Philosopher's Stone / The Chamber of Secrets Harry Potter
96%
Harrison Ford - Empire Stikes Back / Return of the Jedi Star Wars
96%
Matt Damon - Identity / Supremacy Bourne
92%
Bruce Willis - With a Vengeance / 4.0 Die Hard
92%
Harrison Ford - Raiders of the Lost Ark / Temple of Doom Indiana Jones
92%
Elijah Wood - The Fellowship of the Ring / the Two Towers Lord of the Rings
92%
Keanu Reeves - Reloaded / Revolutions Matrix
92%
Tom Holland - Homecoming / Far From Home Spider-Man
92%
Jennifer Lawrence - Catching Fire / Mockingjay The Hunger Games
92%
Chris Evans - The First Avenger / The Winter Soldier Captain America
88%
Sean Connery - Dr. No / From Russia with Love James Bond
88%
George Clooney - Twelve / Thirteen Ocean's Eleven
88%
Arnold Schwarzenegger - Judgement Day / Rise of the Machines Terminator
88%
Robert Downey Jr. - Assemble / Age of Ultron Avengers
85%
Martin Freeman - An Unexpected Journey / The Desolation of Smaug The Hobbit
85%
Michael Keaton /Val Kilmer - Returns / Forever Batman
81%
Chris Pratt - Fallen Kingdom / Dominion Jurassic World
81%
Sylvester Stallone - First Blood / First Blood Part 2 Rambo
81%
Sigourney Weaver - *****s /Resurrection Alien
77%
Vin Diesel - Tokyo Drift / The Fate of the... Fast and Furious
73%
William Shatner - The Motion Picture / The Wrath of Khan Star Trek
62%
Clint Eastwood - Magnum Force / The Enforcer Dirty Harry
54%
Rowan Atkinson - Reborn / Strikes Again Johnny English
50%
Bradley Cooper - Part 2 / Part 3 The Hangover
46%
Jamie Dornan - Darker / Freed Fifty Shades
42%
Sid James - Nurse / Sergeant Carry On
19%
No matching quizzes found
Score Distribution
Percent of People with Each Score
Percentile by Number Answered
Your Score History
You have not taken this quiz